000 00622nam a2200193 i 4500
001 134890
003 ES-MaACL
005 20230906194750.0
007 t|
008 070703s1942 sp ||||1| spa d
080 _a610:92
080 _a610(09)
100 1 _aThiel, Rudolf.
_9109938
245 1 0 _aContra la muerte y el demonio
_b: de la vida de los grandes médicos /
_cRudolf Thiel ; traducción directa del alemán por José María Sacristán.
260 _aMadrid :
_bEspasa-Calpe,
_c1942.
300 _a326 p. ;
_c23 cm.
700 1 _aSacristán, José María.
_9101267
852 _aES-MaACL
_jF-15444
_bR.19554
999 _c134890
_d134890